<?xml version="1.0" encoding="UTF-8"?>
<record
    xmlns:xsi="http://www.w3.org/2001/XMLSchema-instance"
    xsi:schemaLocation="http://www.loc.gov/MARC21/slim http://www.loc.gov/standards/marcxml/schema/MARC21slim.xsd"
    xmlns="http://www.loc.gov/MARC21/slim">

  <leader>03515nam a22003017a 4500</leader>
  <controlfield tag="001">000519</controlfield>
  <controlfield tag="003">DO-SdBNP</controlfield>
  <controlfield tag="005">20171110114740.0</controlfield>
  <controlfield tag="007">000519</controlfield>
  <controlfield tag="008">160922b   2012  cc a    ||||| |||| 00| 0 spa d</controlfield>
  <datafield tag="020" ind1=" " ind2=" ">
    <subfield code="a">9789962040378</subfield>
  </datafield>
  <datafield tag="040" ind1=" " ind2=" ">
    <subfield code="a">BPMSU</subfield>
    <subfield code="b">spa</subfield>
    <subfield code="c">BPMSU</subfield>
  </datafield>
  <datafield tag="082" ind1=" " ind2=" ">
    <subfield code="a">641.865</subfield>
    <subfield code="b">C312L</subfield>
  </datafield>
  <datafield tag="100" ind1="1" ind2=" ">
    <subfield code="a">Carranza, Gabriela</subfield>
  </datafield>
  <datafield tag="245" ind1="1" ind2="0">
    <subfield code="a">Las mejores recetas de reposter&#xED;a /</subfield>
    <subfield code="c">chefs responsables ; Gabriela Carranza, Silvina Zalacain ; fotograf&#xED;a Pilar Pedraza Armenteras.</subfield>
  </datafield>
  <datafield tag="260" ind1=" " ind2=" ">
    <subfield code="a">[s.l.]:</subfield>
    <subfield code="b">Lexus, </subfield>
    <subfield code="c">2012.</subfield>
  </datafield>
  <datafield tag="300" ind1=" " ind2=" ">
    <subfield code="a">198 p. :</subfield>
    <subfield code="b">il. ; </subfield>
    <subfield code="c">34 cm. </subfield>
  </datafield>
  <datafield tag="505" ind1="0" ind2=" ">
    <subfield code="t">Alm&#xED;bar. Receta base --</subfield>
    <subfield code="t">Crema. Chantilly. receta base --</subfield>
    <subfield code="t">Crema pastelera. Receta base --</subfield>
    <subfield code="t">Fudge. Receta base --</subfield>
    <subfield code="t">Fudge de chocolate no. 2. Receta base --</subfield>
    <subfield code="t">Ganache de chocolate bitter. Receta base --</subfield>
    <subfield code="t">Ganache de chocolate blanco. Receta base --</subfield>
    <subfield code="t">Masa azucarada. Receta base --</subfield>
    <subfield code="t">Masa brise&#xE9;. Receta base --</subfield>
    <subfield code="t">Masa quebrada. Receta base --</subfield>
    <subfield code="t">Masa brise&#xE9;. Receta base --</subfield>
    <subfield code="t">Merengue franc&#xE9;s. Receta base --</subfield>
    <subfield code="t">Merengue italiano. Receta base --</subfield>
    <subfield code="t">Arrollado de chocolate con mouse de chocolate blanco. Receta --</subfield>
    <subfield code="t">Bavoris de albaricoques  --</subfield>
    <subfield code="t">Bavoris de guindones  --</subfield>
    <subfield code="t">Bavoris de mango --</subfield>
    <subfield code="t">Black foresta cake --</subfield>
    <subfield code="t">Bola de oro  --</subfield>
    <subfield code="t">Brownies. Receta --</subfield>
    <subfield code="t">Bruselina de butterscotch --</subfield>
    <subfield code="t">Bud&#xED;n con chocolate sublime --</subfield>
    <subfield code="t">Cake de banana --</subfield>
    <subfield code="t">Cake de chocolate naranja -- </subfield>
    <subfield code="t">Cake de lim&#xF3;n  --</subfield>
    <subfield code="t">Cake ingl&#xE9;s  --</subfield>
    <subfield code="t">Cake m&#xE1;rmol  --</subfield>
    <subfield code="t">Caribean tres leches cake  --</subfield>
    <subfield code="t">Carrot cake  --</subfield>
    <subfield code="t">Cheescake de  capuchino  --</subfield>
    <subfield code="t">Cheescake de chocolate --</subfield>
    <subfield code="t">Cheescake de dulce de leche  --</subfield>
    <subfield code="t">Chocolate pudding --</subfield>
    <subfield code="t">Crema de manjar blanco y canela --</subfield>
    <subfield code="t">Crema volteada --</subfield>
    <subfield code="t">Creme brulee de chocolate. Crema quemada --</subfield>
    <subfield code="t">Crocante de l&#xFA;cuma --</subfield>
    <subfield code="t">Crocante de manzanas --</subfield>
    <subfield code="t">El alfajor --</subfield>
    <subfield code="t">Encanelado de chocolate --</subfield>
    <subfield code="t">Encanelado --</subfield>
    <subfield code="t">Enrollado de canela --</subfield>
    <subfield code="t">Espresso fudge brownie --</subfield>
    <subfield code="t">Espresso streusel cake --</subfield>
    <subfield code="t">Gateau de anan&#xE1; --</subfield>
    <subfield code="t">Huevo chimbo --</subfield>
    <subfield code="t">Imperial ruso --</subfield>
    <subfield code="t">Islas flotantes --</subfield>
    <subfield code="t">La chocolatina --</subfield>
    <subfield code="t">Maple pecan pie --</subfield>
    <subfield code="t">Marquise "La So&#xF1;ada" --</subfield>
    <subfield code="t">Merengado de mango --</subfield>
    <subfield code="t">Mereng&#xF3;n helado --</subfield>
    <subfield code="t">Moche de lim&#xF3;n bavarois --</subfield>
    <subfield code="t">Mouse de chocolate --</subfield>
    <subfield code="t">Mouse de fresas con chocolate --</subfield>
    <subfield code="t">Nido relleno de mermelada --</subfield>
    <subfield code="t">Parfait de lim&#xF3;n --</subfield>
    <subfield code="t">Pasta de oro (Man&#xE1;) --</subfield>
    <subfield code="t">Pasta flora de membrillo --</subfield>
    <subfield code="t">Pie de lim&#xF3;n estilo americano  --</subfield>
    <subfield code="t">Pie de manzanas --</subfield>
    <subfield code="t">Pie de uvas  --</subfield>
    <subfield code="t">Pionono de nueces --</subfield>
    <subfield code="t">Pionono de vainilla con manjar blanco --</subfield>
    <subfield code="t">Semifredo de maracuy&#xE1; --</subfield>
    <subfield code="t">Souffl&#xE9; de menta y chocolate --</subfield>
    <subfield code="t">Souffl&#xE9; enrollado de chocolate ba&#xF1;ado en fudge --</subfield>
    <subfield code="t">Souffl&#xE9; enrollado de chocolate con peras --</subfield>
    <subfield code="t">Souffl&#xE9; enrollado de vainilla con fresas --</subfield>
    <subfield code="t">Suspiro a la lime&#xF1;a --</subfield>
    <subfield code="t">Suspiro de chirimoya --</subfield>
    <subfield code="t">Suspiro de l&#xFA;cuma --</subfield>
    <subfield code="t">Tarta de dulce de leche --</subfield>
    <subfield code="t">Tarta de fresas --</subfield>
    <subfield code="t">Tarta de frutas variadas --</subfield>
    <subfield code="t">Tarta de fudge de chocolate --</subfield>
    <subfield code="t">Tarta de kiwi --</subfield>
    <subfield code="t">Tarta de lim&#xF3;n --</subfield>
    <subfield code="t">Tarta de manzana --</subfield>
    <subfield code="t">Tarta de peras --</subfield>
    <subfield code="t">Tarta de pl&#xE1;tano y chocolate --</subfield>
    <subfield code="t">Terremoto de fresas --</subfield>
    <subfield code="t">Timba de lim&#xF3;n --</subfield>
    <subfield code="t">Torta de alfajor --</subfield>
    <subfield code="t">Torta de chocolate --</subfield>
    <subfield code="t">Torta de coco durazno --</subfield>
    <subfield code="t">Torta de duraznos --</subfield>
    <subfield code="t">Torta de l&#xFA;cuma con chocolate --</subfield>
    <subfield code="t">Torta moka --</subfield>
    <subfield code="t">Torta deliciosa --</subfield>
    <subfield code="t">Turr&#xF3;n de chocolate --</subfield>
    <subfield code="t">Turr&#xF3;n de chocolate --</subfield>
    <subfield code="t">Turr&#xF3;n de coco --</subfield>
    <subfield code="t">Turr&#xF3;n de nueces --</subfield>
    <subfield code="t">Volc&#xE1;n.</subfield>
  </datafield>
  <datafield tag="650" ind1=" " ind2="4">
    <subfield code="a">PASTELES</subfield>
  </datafield>
  <datafield tag="650" ind1=" " ind2="4">
    <subfield code="a">CONFITERIA</subfield>
  </datafield>
  <datafield tag="650" ind1=" " ind2="4">
    <subfield code="a">DECORACI&#xD3;N DE TORTAS</subfield>
  </datafield>
  <datafield tag="700" ind1="1" ind2="2">
    <subfield code="a">Zalacain, Silvina </subfield>
  </datafield>
  <datafield tag="700" ind1="1" ind2=" ">
    <subfield code="a">Pedraza Armenteras, Pilar,</subfield>
    <subfield code="e">fotograf&#xED;a</subfield>
  </datafield>
  <datafield tag="910" ind1=" " ind2=" ">
    <subfield code="a">Validado. Control de calidad MFF</subfield>
  </datafield>
  <datafield tag="942" ind1=" " ind2=" ">
    <subfield code="2">ddc</subfield>
    <subfield code="c">BK</subfield>
  </datafield>
  <datafield tag="945" ind1=" " ind2=" ">
    <subfield code="a">Invetariado extranjerov / 2017 VM </subfield>
  </datafield>
  <datafield tag="952" ind1=" " ind2=" ">
    <subfield code="0">0</subfield>
    <subfield code="1">0</subfield>
    <subfield code="2">ddc</subfield>
    <subfield code="4">0</subfield>
    <subfield code="7">0</subfield>
    <subfield code="8">CG</subfield>
    <subfield code="a">BPMET</subfield>
    <subfield code="b">BPMET</subfield>
    <subfield code="d">2016-09-22</subfield>
    <subfield code="e">Compra</subfield>
    <subfield code="l">0</subfield>
    <subfield code="o">641.865 C312L</subfield>
    <subfield code="p">BPMSU16090469</subfield>
    <subfield code="r">2016-09-22</subfield>
    <subfield code="w">2016-09-22</subfield>
    <subfield code="y">BK</subfield>
  </datafield>
  <datafield tag="952" ind1=" " ind2=" ">
    <subfield code="0">0</subfield>
    <subfield code="1">0</subfield>
    <subfield code="2">ddc</subfield>
    <subfield code="4">0</subfield>
    <subfield code="7">0</subfield>
    <subfield code="8">CG</subfield>
    <subfield code="a">BPMET</subfield>
    <subfield code="b">BPMET</subfield>
    <subfield code="d">2016-09-22</subfield>
    <subfield code="e">Compra</subfield>
    <subfield code="l">0</subfield>
    <subfield code="o">641.865 C312L</subfield>
    <subfield code="p">BPMSU16090470</subfield>
    <subfield code="r">2016-09-22</subfield>
    <subfield code="t">e. 2</subfield>
    <subfield code="w">2016-09-22</subfield>
    <subfield code="y">BK</subfield>
  </datafield>
  <datafield tag="952" ind1=" " ind2=" ">
    <subfield code="0">0</subfield>
    <subfield code="1">0</subfield>
    <subfield code="2">ddc</subfield>
    <subfield code="4">0</subfield>
    <subfield code="7">0</subfield>
    <subfield code="8">CG</subfield>
    <subfield code="a">BPMET</subfield>
    <subfield code="b">BPMET</subfield>
    <subfield code="d">2016-09-22</subfield>
    <subfield code="e">Compra</subfield>
    <subfield code="l">0</subfield>
    <subfield code="o">641.865 C312L</subfield>
    <subfield code="p">BPMSU16090471</subfield>
    <subfield code="r">2016-09-22</subfield>
    <subfield code="t">e. 3</subfield>
    <subfield code="w">2016-09-22</subfield>
    <subfield code="y">BK</subfield>
  </datafield>
  <datafield tag="956" ind1=" " ind2=" ">
    <subfield code="2">LOPEREZ</subfield>
    <subfield code="3">10</subfield>
    <subfield code="6">20160922</subfield>
    <subfield code="8">BPMSU</subfield>
    <subfield code="a">00041</subfield>
  </datafield>
  <datafield tag="999" ind1=" " ind2=" ">
    <subfield code="c">11487</subfield>
    <subfield code="d">11487</subfield>
  </datafield>
</record>
